书目信息 |
| 题名: |
实用日语
|
|
| 作者: | 陈百海 主编 ;孙颖 主编 | |
| 分册: | 1 | |
| 出版信息: | 北京 高等教育出版社 2008.02 |
|
| 页数: | 274页 | |
| 开本: | 26cm | |
| 丛书名: | 普通高等学校高职高专日语专业系列教材 | |
| 单 册: | ||
| 中图分类: | H36 | |
| 科图分类: | ||
| 主题词: | 日语--ri yu--教材--高等学校:技术学校 | |
| 电子资源: | ||
| ISBN: | 978-7-04-023328-5 | |
| 000 | 01192nam 2200265 450 | |
| 001 | 01CN03896199@CSLN | |
| 005 | 20100817150253.76 | |
| 010 | @a978-7-04-023328-5@dCNY35.60 | |
| 100 | @a20100515d2008 am y0chiy0110 ea | |
| 101 | 0 | @achi |
| 102 | @aCN@b110000 | |
| 105 | @aa z 000yy | |
| 200 | 1 | @a实用日语@Ashi yong ri yu@e高职高专版@h1@f陈百海主编@Fchen bai hai zhu bian@g孙颖主编@Gsun ying zhu bian |
| 210 | @a北京@c高等教育出版社@d2008.02 | |
| 215 | @a274页@c图@d26cm | |
| 225 | 2 | @a普通高等学校高职高专日语专业系列教材@Apu tong gao deng xue xiao gao zhi gao zhuan ri yu zhuan ye xi lie jiao cai |
| 307 | @a附光盘:ISRC CN-M02-07-0221-0 | |
| 330 | @a本书是全国首套高职高专院校日语专业使用的系列教材。本系列由主体教材1-4册和教学参考书2册构成。本套教材的编写严格根据高职高专日语专业的教学实际需要,结合日语教学的规律,贯彻以培养学生的日语应用能力为本,听、说、读、写、译各方面技能互为铺垫,相辅相成综合发展的教学要求。 | |
| 410 | 0 | @12001 @a普通高等学校高职高专日语专业系列教材 |
| 606 | 0 | @a日语@Ari yu@j教材@x高等学校:技术学校 |
| 690 | @aH36@v4 | |
| 701 | 0 | @a陈百海@Achen bai hai@4主编 |
| 702 | 0 | @a孙颖@Asun ying@4主编 |
| 801 | @aCN@c20100515 | |
| 905 | @dH36@eC360:1@f5 | |
| 实用日语:高职高专版.1/陈百海主编/孙颖主编.-北京:高等教育出版社,2008.02 |
| 274页:图;26cm.-(普通高等学校高职高专日语专业系列教材) |
| ISBN 978-7-04-023328-5:CNY35.60 |
| 本书是全国首套高职高专院校日语专业使用的系列教材。本系列由主体教材1-4册和教学参考书2册构成。本套教材的编写严格根据高职高专日语专业的教学实际需要,结合日语教学的规律,贯彻以培养学生的日语应用能力为本,听、说、读、写、译各方面技能互为铺垫,相辅相成综合发展的教学要求。 |
| ● |
| 相关链接 |
|
|
|
正题名:实用日语
索取号:H36/C360:1
 
预约/预借
| 序号 | 登录号 | 条形码 | 馆藏地/架位号 | 状态 | 备注 |
| 1 | 1031548 | 210315489 | 语言库209/209语言库 123排1列3层/ [索取号:H36/C360:1] | 在馆 | |
| 2 | 1031549 | 210315498 | 语言库209/209语言库 123排1列3层/ [索取号:H36/C360:1] | 在馆 | |
| 3 | 1031550 | 210315504 | 语言库209/209语言库 123排1列3层/ [索取号:H36/C360:1] | 在馆 | |
| 4 | 1031551 | 210315513 | 语言库209/209语言库 123排1列3层/ [索取号:H36/C360:1] | 在馆 | |
| 5 | 1031552 | 210315522 | 语言库209/209语言库 123排1列3层/ [索取号:H36/C360:1] | 在馆 |